[Event "Berlin Spring op-B"]
[Site "Berlin"]
[Date "2014.05.02"]
[Round "3"]
[White "Oelmann, Henry"]
[Black "Schubert, Edgar"]
[Result "1-0"]
[WhiteElo "1946"]
[BlackElo "1753"]
[PlyCount "67"]
[EventDate "2014.05.01"]
[EventType "swiss"]
[EventRounds "7"]
[EventCountry "GER"]
[SourceTitle "CBM 160 Extra"]
[Source "ChessBase"]
[SourceDate "2014.07.01"]
[SourceVersion "1"]
[SourceVersionDate "2014.07.01"]
[SourceQuality "1"]

1. d4 d5 2. c4 c6 3. Nc3 Nf6 4. Nf3 Nbd7 5. cxd5 cxd5 6. h3 g6 7. Bf4 Qa5 8. Qd2 Bg7 9. e3 a6 10. Bd3 0-0 11. 0-0 Nb8 12. a3 Nc6 13. b4 Qd8 14. Rfc1 b5 15. Nxb5 e5 16. dxe5 Nxe5 17. Bxe5 axb5 18. Bxb5 Ne4 19. Qb2 Bxe5 20. Qxe5 Be6 21. Bc6 Rc8 22. b5 Qa5 23. a4 Rfd8 24. Qd4 Nd6 25. Qc3 Qc7 26. Qb4 Qe7 27. a5 Qf6 28. Qh4 Qxh4 29. Nxh4 Nc4 30. Nf3 Bd7 31. Nd4 Bxc6 32. Nxc6 Rd7 33. e4 Nd2 34. Ne7+ 1-0